000
00211 a2200097 4500
001
46918
100
_a
Dixon N
245
_a
Military incompetence
260
_a
London
_b
Jonathan cape
_c
090
_c
29997
_d
29997
942
_a
NUST-CAE
_c
M
_c
22220
999
_c
281991
_d
281991